| 000 | 00320 a2200097 4500 | ||
|---|---|---|---|
| 999 |
_c18985 _d18985 |
||
| 003 | WA 310 | ||
| 005 | 20180131150346.0 | ||
| 008 | 180131s1977 pl f u |000 0 pol d | ||
| 040 |
_aWA 310/bw _cWA 310/bw |
||
| 245 | 0 | 0 |
_aLampy elektronowe - Nazwy i określenia PN-77/T-01010.00 / _cMinisterstwo Przemysłu Maszynowego. |
| 246 | 1 | 3 | _aPN-77/T-01010.00 |
| 246 | 1 | 3 | _aUKD 621.385:001.4 |
| 260 |
_aWarszawa : _bMinisterstwo Przemysłu Maszynowego, _c1977. |
||
| 300 |
_a9 stron ; _c30 cm. |
||
| 650 | _aPolska norma | ||
| 710 |
_aPolska. _bMinisterstwo Przemysłu Maszynowego. _eInstytucja sprawcza _eWydawca _4pbl |
||
| 942 |
_2ddc _cBK |
||